[Event "WYCC 2018 O18"]
[Site "Halkidiki"]
[Date "2018.10.21"]
[Round "3"]
[White "Risting, Eivind Olav"]
[Black "Olimjonov, Sarvarbek"]
[Result "1-0"]
[WhiteElo "2299"]
[BlackElo "2074"]
[Annotator "NA"]
[PlyCount "109"]
[EventDate "2018.10.20"]
[EventType "swiss"]
[EventCountry "GRE"]
[SourceTitle "playchess.com"]
[Source "ChessBase"]
[SourceQuality "1"]
[TimeControl "40/5400+30:1800+30"]

1. d4 {[%emt 0:00:00]} Nf6 {[%emt 0:00:00]} 2. Nf3 {[%emt 0:00:00]} c5 {[%emt 0:00:05]} 3. d5 {[%emt 0:00:29]} b5 {[%emt 0:00:32]} 4. c3 {[%emt 0:00:55] A43: Schmid Benoni} (4. c4 bxc4 5. Nc3 d6 6. e4 g6 7. h3 Bg7 8. Bxc4 O-O 9. O-O Nbd7 10. Re1 a5 11. Bf4 Ba6 12. Bxa6 Rxa6 13. e5 dxe5 14. Nxe5 Nxe5 15. Bxe5 Rb6 16. Qd2 Rb4 17. a3 {½-½ (41) Kamsky,G (2666)-Alekseev,E (2620) Sochi 2018}) 4... Bb7 {[%emt 0:04:13]} 5. e4 {[%emt 0:00:37]} Nxe4 {[%emt 0:08:00]} 6. Bxb5 {[%emt 0:00:23]} Nf6 {[%emt 0:01:19]} 7. c4 {[%emt 0:00:25]} g6 {[%emt 0:01:43]} 8. O-O $146 {[%emt 0:01:09]} ({Predecessor:} 8. Nc3 Bg7 9. Be3 Qc7 10. O-O O-O 11. Re1 d6 {1-0 (42) Hillarp Persson,T (2543)-Risting,E (2308) Kragero 2018}) 8... Bg7 {[%emt 0:01:13]} 9. Nc3 {[%emt 0:00:31]} O-O {[%emt 0:00:54]} 10. Re1 {[%emt 0:11:40]} e6 {[%emt 0:20:18]} 11. Bf4 {[%emt 0:11:41]} a6 {[%emt 0:06:11]} 12. Ba4 {[%emt 0:00:41]} Qb6 {[%emt 0:01:27]} 13. Bb3 {[%emt 0:12:11]} exd5 {[%emt 0:08:41]} 14. cxd5 {[%emt 0:01:25]} d6 {[%emt 0:09:22]} 15. Nd2 {[%emt 0:06:44]} Rd8 {[%emt 0:01:19]} 16. Nc4 {[%emt 0:10:42]} Qc7 {[%emt 0:01:12]} 17. Qf3 {[%emt 0:01:32]} Nh5 {[%emt 0:12:34]} 18. Bg5 {[%emt 0:04:39]} Nd7 {[%emt 0:01:21]} 19. Bxd8 {[%emt 0:02:40]} Rxd8 {[%emt 0:00:07]} 20. Rad1 {[%emt 0:03:07]} Ne5 {[%emt 0:03:01]} 21. Nxe5 {[%emt 0:00:49]} Bxe5 {[%emt 0:00:07]} 22. Bc4 {[%emt 0:05:33]} Bc8 {[%emt 0:04:50]} 23. g3 {[%emt 0:05:49]} Ng7 {[%emt 0:00:35]} 24. Qd3 {[%emt 0:08:31]} Bg4 {[%emt 0:01:26]} 25. f3 {[%emt 0:01:21]} Bf5 {[%emt 0:00:53]} 26. Qd2 {[%emt 0:00:58]} Rb8 {[%emt 0:02:11]} 27. b3 {[%emt 0:01:09]} h5 {[%emt 0:02:20]} 28. Kh1 {[%emt 0:01:29]} Bd7 {[%emt 0:01:36]} 29. Ne2 {[%emt 0:02:12]} Nf5 {[%emt 0:00:49]} 30. Bxa6 {[%emt 0:01:02]} Qa7 {[%emt 0:01:53]} 31. Bc4 {[%emt 0:00:39]} Rb4 {[%emt 0:00:34]} 32. Rf1 {[%emt 0:01:19]} Qa3 {[%emt 0:01:53]} 33. Nc1 {[%emt 0:00:42]} Bd4 {[%emt 0:01:44]} 34. Nd3 {[%emt 0:02:21]} Rb8 {[%emt 0:00:04]} 35. Rfe1 {[%emt 0:00:36]} Ra8 {[%emt 0:00:30]} 36. Re2 {[%emt 0:00:13]} Bf6 {[%emt 0:00:10]} 37. Qf4 {[%emt 0:00:34]} g5 {[%emt 0:00:12]} 38. Qc1 {[%emt 0:00:49]} Qa5 {[%emt 0:00:15]} 39. Nf2 {[%emt 0:00:41]} Qd8 {[%emt 0:01:03]} 40. Ne4 {[%emt 0:00:00]} Nd4 {[%emt 0:00:00]} 41. Rxd4 {[%emt 0:05:33]} cxd4 {[%emt 0:08:49]} 42. Nxd6 {[%emt 0:01:35]} g4 {[%emt 0:02:08]} 43. fxg4 {[%emt 0:08:45]} d3 {[%emt 0:10:03]} 44. Bxd3 {[%emt 0:02:38]} Bxg4 {[%emt 0:05:15]} 45. Re8+ {[%emt 0:01:53]} Qxe8 {[%emt 0:00:04]} 46. Nxe8 {[%emt 0:00:18]} Bf3+ {[%emt 0:00:05]} 47. Kg1 {[%emt 0:00:07]} Bd4+ {[%emt 0:00:26]} 48. Kf1 {[%emt 0:00:12]} Rxa2 {[%emt 0:01:15]} 49. Qg5+ {[%emt 0:07:01]} Kf8 {[%emt 0:01:21]} 50. Qh6+ {[%emt 0:00:23]} Kxe8 {[%emt 0:00:39]} 51. Bb5+ {[%emt 0:00:07]} Kd8 {[%emt 0:00:19]} 52. Qd6+ {[%emt 0:00:32]} Kc8 {[%emt 0:00:22]} 53. Ba6+ $18 {[%emt 0:00:50]} (53. Qd7+ $142 Kb8 54. Qd8+ Kb7 55. Bc6+ Ka6 56. Qa8+ Kb6 57. Qxa2) 53... Rxa6 {[%emt 0:00:09]} 54. Qxa6+ {[%emt 0:00:04]} Kd8 {[%emt 0:00:09]} 55. Qd3 {[%emt 0:00:52]} 1-0

[Event "WYCC 2018 O18"]
[Site "Halkidiki"]
[Date "2018.10.21"]
[Round "3"]
[White "Kandil, Adham"]
[Black "Gumularz, Szymon"]
[Result "0-1"]
[WhiteElo "2292"]
[BlackElo "2441"]
[Annotator "TA"]
[PlyCount "130"]
[EventDate "2018.10.20"]
[EventType "swiss"]
[EventCountry "GRE"]
[SourceTitle "playchess.com"]
[Source "ChessBase"]
[SourceQuality "1"]

{[%evp 23,130,20,24,-12,0,-22,0,0,0,0,0,0,0,0,-23,-130,-129,-121,-16,-81,-7,-22,0,0,0,-56,-61,-61,-55,-95,-91,-96,-86,-98,-102,-125,-108,-139,-104,-101,-95,-104,-64,-134,-143,-139,-139,-177,-162,-131,-100,-87,-90,-279,-279,-275,-254,-733,-733,-532,-532,-29951,-29952,-8134,-29953,-29952,-29947,-12293,-1877,-29948,-29936,-12663,-11723,-12816,-6709,-29954,-29957,-6729,-6211,-29967,-29967,-29966,-29969,-29968,-5799,-29972,-29973,-29973,-29972,-29971,0,-29969,-29972,-29969,-29972,-29971,-29974,-29975,-29973,-29969,-29969,-29949,-12842,-29983,-29984,-29984,-29985,-29985,-29986]} 1. e4 c5 2. Nf3 e6 3. d4 cxd4 4. Nxd4 Nc6 5. Nc3 Qc7 6. Be3 a6 7. Qd2 Nf6 8. O-O-O Be7 {B48: Sicilian: Taimanov: 5 Nc3 Qc7 6 Be3 a6 without Be2} 9. f3 b5 {[%cal Bb7b5,Bb5b4][%mdl 32]} 10. g4 Nxd4 11. Bxd4 Bb7 12. Kb1 (12. g5 Nh5 13. Ne2 Rc8 14. c3 O-O 15. Bh3 f5 16. gxf6 Nxf6 17. Bxf6 Rxf6 18. Qxd7 Rxf3 19. Qxe6+ {1-0 (30) Fedoseev,V (2724)-Quesada Perez,Y (2627) chess.com INT 2018}) 12... O-O {LiveBook: 34 Games} 13. Bd3 b4 14. Ne2 d5 {[%cal Rd5e4]} 15. e5 $146 ({Predecessor:} 15. Ng3 dxe4 16. Nxe4 Bxe4 17. Bxe4 Nxe4 18. fxe4 {0-1 (41) Price,D (2005)-Peet,W (2189) ICCF email 2016}) 15... Nd7 16. Qe3 a5 17. f4 {[%cal Bf3f4,Bf4f5][%mdl 32]} Ba6 18. f5 Rfc8 $36 {[%mdl 2048] White is under pressure.} 19. Nf4 (19. Rc1 $11 {keeps the balance.}) 19... Bxd3 $17 20. cxd3 {Strongly threatening Rc1.} Qc2+ $1 21. Ka1 {Hoping for Rc1.} Bg5 (21... Qa4 $1 $17 22. b3 Qc6) 22. h4 $11 Bxf4 $1 23. Qxf4 a4 $1 24. Qd2 ({White should play} 24. h5 $11) 24... Qxd2 $15 25. Rxd2 Nb8 26. Re2 Nc6 27. Bc5 exf5 28. gxf5 {[#]} Nxe5 $1 {[%mdl 512]} 29. Bxb4 (29. Rxe5 Rxc5) 29... Nxd3 30. Ba3 h5 31. Rd2 Ne5 $1 32. Rxd5 Nf3 33. Be7 ({White should try} 33. Rd3 $1 $15 Nxh4 34. Kb1 Nxf5 35. Rxh5) 33... f6 34. Kb1 Rc4 35. b3 axb3 ({Don't take} 35... Rxh4 36. Rxh4 Nxh4 37. b4 $17) 36. axb3 Rd4 37. Rxd4 Nxd4 $17 {[%mdl 4096] Endgame KRB-KRN} 38. b4 $2 {[#]} (38. Kb2 $17) 38... Nc6 $1 $19 {[%cal Rc6e7]} ({Weaker is} 38... Nxf5 39. Bc5 $17) 39. Bc5 {[#]} Nxb4 $1 {[%mdl 512]} 40. Bxb4 $2 {KRB-KR} (40. Rf1 Rb8 41. Bg1) 40... Rb8 41. Kc2 Rxb4 {KR-KR} 42. Rf1 Rxh4 43. Kd3 Kh7 44. Ke3 Kh6 45. Ra1 Rg4 46. Ra7 h4 47. Kf3 Rg1 48. Kf4 Kh5 49. Kf3 h3 50. Ra8 Kg5 {( -> ...h2)} 51. Rh8 Kxf5 52. Rxh3 Ra1 53. Rh8 g5 (53... Ra3+ $142 54. Ke2 Kg4 55. Rb8 f5 56. Rb1 g5 57. Re1 Ra2+ 58. Kd3 Rg2 59. Ra1 f4 60. Ra7 Kg3 61. Kd4 f3 62. Ra5 g4 63. Rf5 Rg1 64. Ke5 f2 65. Ke6 f1=Q 66. Rxf1 Rxf1 67. Kd5 Kh3 68. Kc4 g3 69. Kc5 g2 70. Kd4 Rd1+ 71. Kc5 g1=Q+ 72. Kc6 Qg6+ 73. Kc5 Qc2+ 74. Kb6 Rb1+ 75. Ka7 Qa4#) 54. Rf8 Ra3+ 55. Kg2 Ke5 56. Rb8 Kf5 $2 (56... g4 {mates} 57. Rb5+ Kf4 58. Rb4+ Kg5 59. Rb8 f5 60. Rb5 g3 61. Rb4 f4 62. Kh3 Kf5 63. Rb2 Ke4 64. Kg4 Ke3 65. Rc2 Ra4 66. Rc3+ Kd2 67. Rb3 g2 68. Rb2+ Ke3 69. Rb3+ Ke4 70. Rb1 Ra3 71. Rb4+ Ke3 72. Rb1 Ra2 73. Kh3 Kf2 74. Kg4 f3 75. Kh5 g1=Q 76. Rxg1 Kxg1 77. Kg4 f2 78. Kf5 Re2 79. Kg6 f1=Q 80. Kh6 Rg2 81. Kh7 Qf7+ 82. Kh8 Qh5#) 57. Rb5+ $2 {[%mdl 8192]} (57. Rf8 $11 g4 58. Rd8) 57... Kg6 58. Rb6 g4 {[%cal Bg5g4,Bg4g3][%mdl 32]} 59. Rb5 f5 {[%cal Bf6f5,Bf5f4][%mdl 32]} 60. Rb6+ Kg5 61. Rb5 g3 62. Rb4 f4 63. Rb5+ Kg4 {Black mates.} 64. Rb4 Ra2+ 65. Kg1 Kh3 {Precision: White = 33%, Black = 86%.} 0-1

[Event "WYCC 2018 O18"]
[Site "Halkidiki"]
[Date "2018.10.21"]
[Round "3"]
[White "Martinez Fernandez, Adrian"]
[Black "Manu David Suthandram R"]
[Result "1-0"]
[WhiteElo "2277"]
[BlackElo "1970"]
[Annotator "NA"]
[PlyCount "161"]
[EventDate "2018.10.20"]
[EventType "swiss"]
[EventCountry "GRE"]
[SourceTitle "playchess.com"]
[Source "ChessBase"]
[SourceQuality "1"]
[TimeControl "40/5400+30:1800+30"]

1. f4 {[%emt 0:00:00]} c5 {[%emt 0:00:18]} 2. Nf3 {[%emt 0:00:00]} Nc6 {[%emt 0:00:10]} 3. b3 {[%emt 0:00:10]} e6 {[%emt 0:00:07]} 4. Bb2 {[%emt 0:00:09]} Nf6 {[%emt 0:00:06]} 5. e3 {[%emt 0:00:07]} Be7 {[%emt 0:00:03]} 6. Bb5 {[%emt 0:00:44]} O-O {[%emt 0:00:09] A02: Bird's Opening} 7. Bxc6 {[%emt 0:00:47]} (7. O-O Qc7 8. Bxc6 Qxc6 9. d3 b5 10. Nbd2 Bb7 11. e4 d5 12. Ne5 Qc7 13. Qe2 c4 14. bxc4 bxc4 15. dxc4 dxe4 {0-1 (45) Grabuzova,T (2348)-Vescovi,G (2648) playchess.com INT 2004}) 7... bxc6 {[%emt 0:00:09]} 8. O-O {[%emt 0:00:08]} d6 {[%emt 0:02:20]} 9. d3 {[%emt 0:06:33]} Nd5 $146 {[%emt 0:05:22]} ({Predecessor:} 9... Qc7 10. Nbd2 Rb8 11. Qe2 h6 12. c4 Nd7 13. Qf2 Bf6 14. Bxf6 Nxf6 {1-0 (47) Stratmann,D (1470)-Vasic,M (1690) Seefeld 1999}) 10. Qd2 {[%emt 0:00:15]} f5 {[%emt 0:00:21]} 11. Na3 {[%emt 0:02:47]} Bf6 {[%emt 0:00:36]} 12. Bxf6 {[%emt 0:00:56]} Nxf6 {[%emt 0:03:15]} 13. Nc4 {[%emt 0:02:03]} Ba6 {[%emt 0:00:40]} 14. Rfe1 {[%emt 0:04:17]} Re8 {[%emt 0:06:11]} 15. Nb2 {[%emt 0:09:26]} Qc7 {[%emt 0:02:55]} 16. Na4 {[%emt 0:02:15]} Bb5 {[%emt 0:00:56]} 17. Nb2 {[%emt 0:01:52]} Ba6 {[%emt 0:01:42]} 18. Nd1 {[%emt 0:00:44]} Rad8 {[%emt 0:02:32]} 19. Nf2 {[%emt 0:01:36]} Qb6 {[%emt 0:02:59]} 20. Kh1 {[%emt 0:02:00]} d5 {[%emt 0:04:16]} 21. Ne5 {[%emt 0:05:48]} c4 {[%emt 0:02:23]} 22. bxc4 {[%emt 0:02:41]} dxc4 {[%emt 0:00:07]} 23. d4 {[%emt 0:01:54]} c5 {[%emt 0:00:33]} 24. Rab1 {[%emt 0:01:34]} Qc7 {[%emt 0:07:51]} 25. c3 {[%emt 0:01:06]} cxd4 {[%emt 0:08:00]} 26. exd4 {[%emt 0:00:36]} Nd5 {[%emt 0:06:31]} 27. Nd1 {[%emt 0:14:37]} Rd6 {[%emt 0:02:30]} 28. Ne3 {[%emt 0:07:47]} Nf6 {[%emt 0:02:00]} 29. Rb4 {[%emt 0:02:38]} Nd5 {[%emt 0:01:54]} 30. Nxd5 {[%emt 0:00:35]} Rxd5 {[%emt 0:00:28]} 31. Reb1 {[%emt 0:00:51]} Rdd8 {[%emt 0:05:22]} 32. Qc2 {[%emt 0:05:12]} Rd6 {[%emt 0:06:36]} 33. Qa4 {[%emt 0:04:28]} Rc8 {[%emt 0:00:06]} 34. Kg1 {[%emt 0:00:10]} h6 {[%emt 0:00:51]} 35. Qa3 {[%emt 0:00:16]} Kh7 {[%emt 0:00:23]} 36. Ra4 {[%emt 0:08:32]} Bb7 {[%emt 0:00:07]} 37. Rxc4 {[%emt 0:00:47]} Rb6 {[%emt 0:00:08]} 38. Rxb6 {[%emt 0:03:22]} Qxb6 {[%emt 0:00:15]} 39. Rb4 {[%emt 0:01:00]} Qd6 {[%emt 0:06:16]} 40. Qb2 {[%emt 0:00:00]} Ba8 {[%emt 0:00:00]} 41. Rb5 {[%emt 0:10:43]} a6 {[%emt 0:03:16]} 42. Rb6 {[%emt 0:03:10]} Qd5 {[%emt 0:00:07]} 43. c4 {[%emt 0:01:57]} Qd8 {[%emt 0:07:34]} 44. a4 {[%emt 0:01:28]} a5 {[%emt 0:00:31]} 45. h3 {[%emt 0:00:58]} Qe8 {[%emt 0:00:20]} 46. Rb5 {[%emt 0:01:46]} Qh5 {[%emt 0:01:14]} 47. Qd2 {[%emt 0:00:59]} Qh4 {[%emt 0:00:06]} 48. Rxa5 {[%emt 0:02:20]} Qg3 {[%emt 0:00:07]} 49. Rb5 {[%emt 0:00:28]} Rd8 {[%emt 0:00:16]} 50. Rb2 {[%emt 0:03:48]} Qa3 {[%emt 0:01:50]} 51. a5 {[%emt 0:00:06]} Be4 {[%emt 0:00:03]} 52. Kh2 {[%emt 0:01:25]} Qa1 {[%emt 0:00:53]} 53. Ra2 {[%emt 0:07:34]} Rxd4 {[%emt 0:00:32]} 54. Qb2 {[%emt 0:02:45]} Qd1 {[%emt 0:00:45]} 55. a6 {[%emt 0:00:31]} Ba8 {[%emt 0:01:20]} 56. a7 {[%emt 0:02:52]} Rxf4 {[%emt 0:01:50]} 57. Ra1 {[%emt 0:01:44]} Qd6 {[%emt 0:08:34]} 58. Qb8 {[%emt 0:00:02]} Qd4 {[%emt 0:00:36]} 59. Ra2 {[%emt 0:03:28]} Qe4 {[%emt 0:01:00]} 60. Nd7 {[%emt 0:00:34]} Rf1 $1 {[%emt 0:01:48]} 61. Nf8+ {[%emt 0:00:26]} Kg8 $1 {[%emt 0:00:32] [#]} 62. Nd7+ {[%emt 0:00:07]} ({Der einzige Zug:} 62. Ng6+ $1 $18 Kh7 63. Qe8) 62... Kh7 {[%emt 0:00:22]} 63. Nf8+ {[%emt 0:00:16]} Kg8 {[%emt 0:00:05] [#]} 64. Nxe6+ $2 {[%emt 0:00:01]} Kh7 $1 {[%emt 0:00:07]} {Don't take} 65. Nf8+ $6 {[%emt 0:00:04]} Kg8 $16 {[%emt 0:00:07]} 66. Nd7+ {[%emt 0:00:24]} Kh7 {[%emt 0:00:22]} 67. Qe5 {[%emt 0:01:52]} Qxc4 {[%emt 0:01:25]} 68. Nf8+ {[%emt 0:00:33]} Kg8 {[%emt 0:00:07] [#]} 69. Ne6 $1 {[%emt 0:00:08]} Kf7 {[%emt 0:00:18]} 70. Qxg7+ {[%emt 0:00:25]} Ke8 {[%emt 0:00:07]} 71. Nc7+ {[%emt 0:00:42]} Kd8 {[%emt 0:00:08]} 72. Rd2+ {[%emt 0:00:01]} Kc8 {[%emt 0:00:08]} 73. Qd7+ {[%emt 0:00:18]} Kb7 {[%emt 0:00:07]} 74. Rb2+ {[%emt 0:00:57]} Kxa7 {[%emt 0:00:10]} 75. Nxa8+ {[%emt 0:00:21]} Ka6 {[%emt 0:00:04]} 76. Nc7+ {[%emt 0:00:21]} Ka7 {[%emt 0:00:08]} 77. Nd5+ {[%emt 0:00:46]} Ka6 {[%emt 0:00:08]} 78. Qb7+ {[%emt 0:00:16]} (78. Rb6+ $142 Ka5 79. Qa7+ Qa6 80. Qxa6#) 78... Ka5 {[%emt 0:00:04]} 79. Qb6+ {[%emt 0:00:18]} Ka4 {[%emt 0:00:04]} 80. Qa7+ {[%emt 0:00:10]} Qa6 {[%emt 0:00:08]} 81. Qxa6# {[%emt 0:00:02]} 1-0

[Event "WYCC 2018 O18"]
[Site "Halkidiki"]
[Date "2018.10.21"]
[Round "3"]
[White "Alexiadis, Hristos"]
[Black "Brewer, Callum D"]
[Result "1/2-1/2"]
[WhiteElo "2263"]
[BlackElo "2056"]
[Annotator "NA"]
[PlyCount "81"]
[EventDate "2018.10.20"]
[EventType "swiss"]
[EventCountry "GRE"]
[SourceTitle "playchess.com"]
[Source "ChessBase"]
[SourceQuality "1"]
[TimeControl "40/5400+30:1800+30"]

1. d4 {[%emt 0:00:10]} Nf6 {[%emt 0:00:00]} 2. c4 {[%emt 0:00:13]} b6 {[%emt 0:00:00]} 3. Nc3 {[%emt 0:00:44]} Bb7 {[%emt 0:00:00]} 4. f3 {[%emt 0:03:22]} d5 {[%emt 0:00:00]} 5. cxd5 {[%emt 0:00:09]} Nxd5 {[%emt 0:00:00]} 6. e4 {[%emt 0:01:07]} Nxc3 {[%emt 0:00:00]} 7. bxc3 {[%emt 0:00:08]} e5 {[%emt 0:00:00] A50: Queen's Fianchetto Defence (1 d4 Nf6 2 c4 b6)} 8. Be3 {[%emt 0:01:25]} Nd7 {[%emt 0:04:54]} (8... Be7 9. dxe5 Nd7 10. Qa4 c6 11. Rd1 b5 12. Qb3 Qa5 13. f4 O-O-O 14. Nf3 Nc5 15. Bxc5 Bxc5 {0-1 (58) Ju,W (2583)-Li,C (2720) Beijing 2017}) 9. Bc4 {[%emt 0:01:44]} Qe7 $146 {[%emt 0:16:27]} ({Predecessor:} 9... Qh4+ 10. g3 Qh5 11. Qb3 Bd6 12. g4 Qh4+ 13. Bf2 Qf6 14. g5 Qf4 15. h4 {½-½ (23) Provotorov,I (2368)-Moiseenko,V (2528) Voronezh 2017}) 10. Qd2 {[%emt 0:06:09]} g6 {[%emt 0:04:23]} 11. Ne2 {[%emt 0:00:09]} Bg7 {[%emt 0:00:37]} 12. O-O {[%emt 0:01:43]} O-O {[%emt 0:06:50]} 13. Rad1 {[%emt 0:02:21]} Rad8 {[%emt 0:00:13]} 14. Qc2 {[%emt 0:04:53]} Kh8 {[%emt 0:07:04]} 15. Bf2 {[%emt 0:00:39]} exd4 {[%emt 0:09:42]} 16. cxd4 {[%emt 0:00:08]} c5 {[%emt 0:00:05]} 17. dxc5 {[%emt 0:01:29]} Nxc5 {[%emt 0:01:19]} 18. Nf4 {[%emt 0:00:29]} Be5 {[%emt 0:09:09]} 19. Nd5 {[%emt 0:01:04]} Bxd5 {[%emt 0:00:14]} 20. Bxd5 $14 {[%emt 0:00:17]} Rc8 {[%emt 0:04:11]} 21. Qd2 {[%emt 0:10:03]} Na4 {[%emt 0:11:44]} 22. Bb3 {[%emt 0:06:25]} Rfd8 {[%emt 0:03:51]} 23. Qh6 {[%emt 0:00:14]} Nc3 {[%emt 0:02:06]} 24. Rxd8+ {[%emt 0:00:09]} Rxd8 {[%emt 0:00:27]} 25. g3 {[%emt 0:02:22]} Kg8 {[%emt 0:05:07]} 26. Kg2 {[%emt 0:02:15]} Ne2 {[%emt 0:02:03]} 27. Qe3 {[%emt 0:03:59]} Nd4 {[%emt 0:01:10]} 28. Bd5 {[%emt 0:00:11]} Ne6 {[%emt 0:06:29]} 29. Qb3 {[%emt 0:04:58]} Nc7 {[%emt 0:01:12]} 30. Bc4 {[%emt 0:02:13]} b5 {[%emt 0:00:31]} 31. Bd3 {[%emt 0:03:24]} Bd4 {[%emt 0:00:34]} 32. Be1 {[%emt 0:01:51]} a6 {[%emt 0:00:54]} 33. Ba5 {[%emt 0:00:16]} Rd7 {[%emt 0:02:36]} 34. Rc1 {[%emt 0:01:21]} Ne6 {[%emt 0:00:02]} 35. Rc8+ {[%emt 0:00:55]} Kg7 {[%emt 0:00:02]} 36. Bf1 {[%emt 0:00:30]} Qg5 {[%emt 0:01:23]} 37. h4 {[%emt 0:05:31]} Nf4+ {[%emt 0:00:55]} 38. Kh2 {[%emt 0:00:09]} Bg1+ {[%emt 0:00:16]} 39. Kxg1 {[%emt 0:00:07]} Qxg3+ {[%emt 0:00:03]} 40. Kh1 {[%emt 0:00:00]} Qxh4+ {[%emt 0:00:00]} 41. Kg1 {[%emt 0:00:16]} 1/2-1/2

[Event "WYCC 2018 O18"]
[Site "Halkidiki"]
[Date "2018.10.21"]
[Round "3"]
[White "Galiana Fernandez, Adrian"]
[Black "Abdusattorov, Nodirbek"]
[Result "0-1"]
[WhiteElo "2261"]
[BlackElo "2558"]
[Annotator "TA"]
[PlyCount "58"]
[EventDate "2018.10.20"]
[EventType "swiss"]
[EventCountry "GRE"]
[SourceTitle "playchess.com"]
[Source "ChessBase"]
[SourceQuality "1"]

{[%evp 21,58,8,18,-10,0,-22,0,0,0,0,0,0,0,0,1,0,31,-31,-21,-14,-10,-37,-31,-40,-38,-71,-63,-74,-87,-108,-77,-222,-220,-244,-126,-150,-131,-745,-730]} 1. e4 c5 2. Nf3 d6 3. d4 cxd4 4. Nxd4 Nf6 5. Nc3 a6 6. Be3 e5 7. Nf3 Be7 8. Bc4 O-O 9. O-O Nc6 10. Qe2 Be6 {B90: Sicilian Najdorf: Unusual White 6th moves, 6 Be3 Ng4 and 6 Be3 e5} 11. Rad1 b5 {LiveBook: 5 Games} 12. Bxe6 $146 ({Predecessor:} 12. Bb3 Rb8 13. Bg5 Nd7 14. Bxe7 Qxe7 15. Qd2 Bxb3 16. axb3 Rfc8 17. Qxd6 Qxd6 18. Rxd6 {0-1 (61) Polgar,J (2687)-Nepomniachtchi,I (2632) Netanya 2009}) 12... fxe6 {The position is equal.} 13. Bg5 h6 14. Bxf6 Rxf6 15. a4 b4 16. Nb1 Qc7 17. Nbd2 Na5 18. Rc1 Qb7 19. Nc4 (19. Qd3 $14) 19... Nxc4 $15 20. Qxc4 Rc8 $36 {[%mdl 2048] Black has good play.} 21. Qe2 Qc6 22. b3 Bd8 {[%cal Be7d8,Bd8b6,Bb6d4][%mdl 32]} 23. Nd2 Bb6 24. Kh1 Bd4 25. Nc4 Re8 26. Qh5 (26. Rcd1 $17) 26... Ref8 $19 27. f3 {[#]} Qc7 ({Better is} 27... Qxe4 $1 $19 {[%mdl 512]} 28. Nxd6 (28. fxe4 Rxf1+) 28... Qc6) 28. Rfe1 Kh7 29. h3 $2 {[%mdl 8192]} (29. Re2 $17) 29... Rf4 {Precision: White = 21%, Black = 70%.} 0-1

[Event "WYCC 2018 O18"]
[Site "Halkidiki"]
[Date "2018.10.21"]
[Round "3"]
[White "Liska, Jiri"]
[Black "Radovanovic, Mihajlo"]
[Result "0-1"]
[WhiteElo "2245"]
[BlackElo "2466"]
[Annotator "TA"]
[PlyCount "186"]
[EventDate "2018.10.20"]
[EventType "swiss"]
[EventCountry "GRE"]
[SourceTitle "playchess.com"]
[Source "ChessBase"]
[SourceQuality "1"]

{[%evp 13,186,6,26,0,-13,-30,-7,-14,20,10,35,13,32,-32,9,0,41,16,20,23,13,17,19,0,16,0,0,-31,-23,-35,-31,-50,0,0,10,-6,27,-3,0,-50,-33,-75,-12,-125,-86,-157,-138,-145,-131,-142,-120,-201,-122,-408,-1,-519,0,0,0,-21,-1,-439,-71,-41,-23,-98,-14,-14,-14,-11,-13,-339,-88,-100,-52,-60,-54,-45,-33,-33,-34,-27,-32,-27,-21,-38,-39,-45,-45,-52,-46,-54,-51,-46,-49,-116,-116,-122,-136,-157,-157,-160,-156,-157,-156,-156,-115,-157,-113,-242,-148,-154,-154,-156,-147,-183,-169,-214,-209,-231,-233,-250,-189,-169,-173,-250,-250,-291,-282,-287,-247,-622,-550,-412,-272,-244,0,-412,-272,-372,-375,-370,-365,-465,-363,-339,-338,-301,-284,-268,0,-307,-268,-268,-264,-329,-346,-333,-302,-620,-683,-2889,-4610,-2526,-1666,-923,-715,-666,-347,-5797,-5600,-29985,-29986,-29986,-29986]} 1. Nf3 g6 2. c4 Bg7 3. g3 c5 4. Bg2 Nc6 5. Nc3 d6 6. O-O Bd7 7. e3 Qc8 {LiveBook: 5 Games. A37: Symmetrical English vs ...g6: 4 Bg2 Bg7 5 Nf3} (7... Nh6 8. d4 cxd4 9. Nxd4 O-O 10. c5 dxc5 11. Nxc6 Bxc6 12. Bxc6 bxc6 13. Qc2 c4 14. Rd1 Qb6 15. Na4 {½-½ (67) Rakhmanov,A (2669)-Vastrukhin,O (2386) Sochi 2017}) 8. Re1 Bg4 9. Qa4 Nf6 $146 {Black has an edge.} ({Predecessor:} 9... Bd7 10. d3 h5 11. h4 Nh6 12. a3 Ne5 13. Qc2 Nxf3+ 14. Bxf3 Bg4 15. Bh1 {1-0 (26) Milenkovic,M (2396)-Portelli,S (1822) Nova Gorica 2011}) 10. d4 O-O 11. d5 Bxf3 12. Bxf3 Ne5 13. Bg2 (13. Be2 $1 $14) 13... Nfd7 14. f4 Nb6 15. Qc2 Nexc4 16. b3 Na5 $1 (16... Qf5 $2 17. e4 $18) 17. Bb2 Nd7 18. Rad1 Rb8 19. Bf1 a6 20. Na4 {And now Bxg7 would win.} Bxb2 21. Nxb2 b5 22. e4 f6 23. Rc1 Qc7 24. h4 Nb7 25. Re3 Nd8 26. Bd3 Kg7 27. h5 Nf7 (27... gxh5 $6 28. Qe2 $11) (27... e5 $17) 28. e5 (28. Bf1 $11) 28... c4 29. Bxg6 (29. e6 $142 Qa7 30. Qf2 cxd3 31. exd7) 29... Qa7 (29... hxg6 30. Qxg6+ Kh8 31. exd6 $11) 30. Rce1 cxb3 (30... hxg6 31. Qxg6+ Kh8 32. exd6 $17) 31. axb3 {Black must now prevent Bxf7.} Rbc8 $36 {[%mdl 2048] Black is in control.} (31... hxg6 $6 32. Qxg6+ Kh8 33. exd6 $11 (33. h6 Rg8 $19)) 32. Qe4 (32. Qe2 $17 {keeps fighting.} dxe5 33. Bf5) 32... fxe5 33. Bxh7 $4 {[%mdl 8192]} (33. Bxf7 $17 Rxf7 34. fxe5) 33... Nf6 $2 (33... exf4 $1 $19 34. gxf4 Nf6 35. h6+ Kh8) 34. Qg6+ $11 Kh8 35. h6 Nxh6 36. Qxh6 {Intending Bb1+ and mate.} Nxh7 ({Avoid the trap} 36... Ng4 $2 37. Qh3 $1 $18 {[%mdl 512]}) 37. Nd3 $2 {[%mdl 8192]} (37. fxe5 $11 {and White is okay.} Rf3 38. exd6 exd6 39. Nd1) 37... Rf6 $2 (37... Rc3 $1 $19 {[%cal Rc3d3] has better winning chances.} 38. Kg2 Qd4) 38. Qh5 $17 Rg8 39. Kh2 (39. Kg2 $11) 39... Qd4 (39... Kg7 $1 $17 40. Kg2 Rh6) 40. fxe5 $11 Qxd5 41. Qh3 dxe5 42. Qg2 $2 {[%mdl 8192]} (42. Nxe5 $11 {and White has nothing to worry.} Rg5 43. Rd3) 42... Qd4 $2 ({Weaker is} 42... Qxb3 43. Nxe5 Qb4 44. Nc6 $17) (42... Rh6+ $1 $19 {and Black stays clearly on top.} 43. Kg1 Qd4 44. Nxe5 Ng5) 43. Qe4 $17 Ng5 44. Qxe5 Qxe5 45. Nxe5 Rf2+ 46. Kg1 Rb2 47. R1e2 Rxe2 48. Rxe2 $11 {[%mdl 4096] Endgame KRN-KRN} Kg7 49. Kf2 Rc8 50. Ra2 Rc3 51. Rxa6 {Strongly threatening Rg6+.} Ne4+ 52. Ke2 Nxg3+ 53. Kd1 Rxb3 {aiming for ...Nf5.} 54. Rb6 (54. Re6 $15) 54... Nf5 $1 $17 55. Rg6+ Kf8 56. Kc2 Re3 57. Nd3 Nd6 58. Rh6 Kf7 59. Rh5 Ke8 60. Kd2 Rg3 61. Ne5 (61. Kc3 $17) 61... Kd8 62. Rh7 Nf5 63. Rh5 Nd4 $1 64. Nf7+ Kc7 65. Rd5 Nb3+ 66. Kc2 Kc6 67. Rd8 {[#]} Kc5 $1 68. Ne5 {intending Nd3+.} Nd4+ 69. Kb2 (69. Kd2 $142) 69... b4 $19 70. Nd7+ Kd5 71. Nb6+ Ke4 72. Nc4 $2 (72. Na4) 72... Rg2+ 73. Kb1 Kd3 74. Nb2+ {[#]} Ke4 $2 (74... Ke3 $1 {...Rg1+ is the strong threat.} 75. Nc4+ Kd3 76. Ne5+ Ke4) 75. Nc4 Rh2 76. Rb8 Kd3 77. Nb2+ Kc3 78. Na4+ Kb3 {[%cal Rh2h1]} 79. Nc5+ Kc4 80. Rc8 Rh1+ 81. Kb2 Rh2+ 82. Kb1 Kb5 {Threatens to win with ...Rc2.} 83. Nd3 Nc6 84. Rg8 Kc4 85. Nb2+ Kd5 86. Nd3 $2 (86. Rg1) 86... e5 {[%cal Be7e5,Be5e4,Be4e3,Be3e2][%mdl 32]} 87. Rg4 e4 88. Nf4+ Ke5 89. Ng2 Nd4 90. Ne3 Nf3 91. Nc2 $2 (91. Rg8 Kd4 92. Nc2+ Kc4 93. Rc8+ Kb3 94. Na1+ Ka4 95. Ra8+ Kb5 96. Nc2) 91... b3 92. Na1 e3 93. Rg8 e2 {Precision: White = 33%, Black = 48%.} 0-1